Radikálisok a protestánsok ellen

Úvodníko snahách radikálnej strany získať si protestantov s ktorými by bojovali proti klerikalizmu. Napriek týmto snahám radikáli kritizujú protestantov. Článok upozorňuje na nebezpečenstvo náboženského boja : nepôjde tu o víťazstvo niektorého druhu náboženstva, ale o snahu úplne ho zničiť...

Celý popis

Podrobná bibliografia
Médium: Článok
Jazyk:Hungarian
Témy:
Zdroj: 1. Felvidéki Ujság 1. Roč. 9, č. 139 (21.06.1914), s. 1
LEADER 01098nab#a2200325#ar4500
001 000099521
003 SVKKK
005 20100210095721.0
008 080512d1914 xo |||||||||||||||b|hun
FMT
038 |a SVKKK 
040 |a SVKKK  |b slo  |e AACR2 
044 |a xo  |c SK 
080 |a 284:329  |2 1997 
080 |a 329  |2 1997 
242 1 0 |a Radikáli proti protestantom  |y slo 
245 1 0 |a Radikálisok a protestánsok ellen 
500 |a Šo 74/Ba 2010 
520 2 |a Úvodníko snahách radikálnej strany získať si protestantov s ktorými by bojovali proti klerikalizmu. Napriek týmto snahám radikáli kritizujú protestantov. Článok upozorňuje na nebezpečenstvo náboženského boja : nepôjde tu o víťazstvo niektorého druhu náboženstva, ale o snahu úplne ho zničiť 
650 0 4 |a protestanti  |x radikáli  |x vzťahy vzájomné  |z Uhorsko  |x 1914 
655 4 |a hungariká 
773 0 |t Felvidéki Ujság  |g Roč. 9, č. 139 (21.06.1914), s. 1 
957 |a Uhorsko 
958 |a DG 
958 |a HU 
974 |a Ba 
992 |a RBX 
997 |d Uhorsko 
BAS
998 |a RETRO